000 00251nam a2200097Ia 4500
001 682822
005 20250826161426.0
008 250824s9999 xx 000 0 und d
245 0 _aOSMANLIDA DERİN DEVLET
_cYAVUZ BAHADIROĞLU
260 _bPANAMA YAYINLARI
999 _c682822
_d682822